zpět

Detail výsledku týmu

Chicago Bar & Grill ČT, Liberec

Datum a čas kvízu

22.5 Celkem bodů Celkový počet nahraných bodů na tomto kvízu bez doplňovacích otázek.
8. Pořadí na kvízu Konečné umístění týmu na tomto kvízu.

Zaznamenané odpovědi

# Otázka Odpověď Body Výsledky
1. V sobotu začal na pražském Výs... Matějská pouť 1
2. V úterý se v metropoli jedné b... v Rijádu 1
3. Minulý týden jsme se dozvěděli... Post Malone 0
4. Cestovatelský server Tripadvis... Řecko 0
5. V pátek vyvrcholil v americkém... 4 Nations (Face Off)/Turnaj čtyř zemí 1
6. Nyní se od aktualit přesuneme... 1B 2C 3D 4A 0
7. Uveďte odborný název pro skupi... ichtyosauři 1
8. Většina fosilií dinosaurů byla... Burianosaurus augustai 0
9. Americký spisovatel a scenáris... Michael Crichton 0
10. Na fotce vidíme mumii a rekons... Ötzi 1